| 000 | 01040nac a22003251u 4500 | ||
|---|---|---|---|
| 003 | EG-ScBUE | ||
| 005 | 20220918110956.0 | ||
| 008 | 200219t2004 nyua f 001 0 eng d | ||
| 020 | _a1584710276 | ||
| 020 | _a9781584710271 | ||
| 040 |
_aEG-ScBUE _beng _erda _cEG-ScBUE _dEG-ScBUE |
||
| 082 | 0 | 4 |
_a711.4 _bURB _222 |
| 245 | 0 | 0 |
_aUrban spaces. _nno.3, _bThe design of public places / _cedited by John Morris Dixon, FAIA ; designed by Harish K. Patel. |
| 246 | 3 | 0 | _aDesign of public places |
| 264 | 1 |
_aNew York : _bVisual Reference Publications, _c[2004] |
|
| 264 | 4 | _cc2004 | |
| 300 |
_a328 pages : _bcolor illustrations ; _c30 cm |
||
| 336 |
_2rdacontent _atext _btxt |
||
| 337 |
_2rdamedia _aunmediated _bn |
||
| 338 |
_2rdacarrier _avolume _bnc |
||
| 500 | _aIncludes index. | ||
| 650 | 7 |
_aCity planning. _2BUEsh |
|
| 650 | 7 |
_aPublic spaces. _2BUEsh |
|
| 651 | _2BUEsh | ||
| 653 | _bENGARC | ||
| 655 |
_vReading book _934232 |
||
| 700 | 1 |
_aDixon, John Morris, _eeditor. |
|
| 700 | 1 |
_aPatel, Harish K., _edesigner. |
|
| 942 |
_cBB _2ddc |
||
| 999 |
_c3550 _d3550 |
||